00465nam a22001577a 450000500170000002000260001703500170004303700130006008200140007310000240008724500660011126000420017727000450021930000210026470000220028520180424120856.0 a9789386635747c650.00 aB-691535-536 bRK BOOKS a343.54052 aSinghania, Vinod K. aTaxmann students guide to income tax /cby Vinod K. Singhania aNew DelhibTaxmann Publicationsc2001 a59/32,New Rohtak RoadbNew Delhie110005 aV.P.c26cm (pbk) aSinghania, Monica